[Event "2. Bundesliga Mitte 2004/2005"]
[Site "St. Valentin"]
[Date "2005.03.05"]
[Round "8.1"]
[White "PAVASOVIC, Dusko"]
[Black "MOHR, Georg"]
[Result "1/2-1/2"]
[WhiteElo "2592"]
[BlackElo "2444"]
[PlyCount "97"]
[EventDate "2004.10.16"]

1. e4 e6 2. d4 d5 3. Nd2 c5 4. exd5 Qxd5 5. Ngf3 cxd4 6. Bc4 Qd6 7. O-O Nf6 8.
Nb3 Nc6 9. Nbxd4 Nxd4 10. Nxd4 a6 11. Bb3 Bd7 12. Be3 Qc7 13. Qe2 Bd6 14. h3
O-O 15. Rad1 Bh2+ 16. Kh1 Bf4 17. Rfe1 Rfd8 18. Rd3 Bxe3 19. Qxe3 Be8 20. Red1
h6 21. c3 Qb6 22. f4 Rd6 23. f5 exf5 24. Qf4 Rad8 25. Qxf5 a5 26. a4 Bd7 27.
Qf4 Be6 28. Nxe6 Rxd3 29. Rxd3 fxe6 30. Rxd8+ Qxd8 31. Bxe6+ Kf8 32. Bb3 g5 33.
Qe5 Qe7 34. Qb8+ Kg7 35. Kh2 h5 36. Qg3 Qc5 37. Bc2 h4 38. Qd3 Qe5+ 39. Kg1
Qe1+ 40. Qf1 Qe3+ 41. Qf2 Qc1+ 42. Kh2 g4 43. g3 Qxb2 44. Qd2 hxg3+ 45. Kg2
gxh3+ 46. Kxh3 Qb6 47. Kxg3 Qc7+ 48. Kf3 Qe5 49. Qd4 1/2-1/2

[Event "2. Bundesliga Mitte 2004/2005"]
[Site "St. Valentin"]
[Date "2005.03.05"]
[Round "8.1"]
[White "BUTUNOI, Alexandru"]
[Black "BUHMANN, Rainer"]
[Result "0-1"]
[WhiteElo "2361"]
[BlackElo "2532"]
[PlyCount "96"]
[EventDate "2004.10.16"]

1. e4 c6 2. Qf3 d5 3. exd5 cxd5 4. Nc3 Nf6 5. d4 Nc6 6. Be3 Bg4 7. Qg3 e6 8.
Nf3 Bxf3 9. Qxf3 Rc8 10. Bd3 Be7 11. O-O O-O 12. a3 Na5 13. Ne2 Nc4 14. Bxc4
Rxc4 15. c3 b5 16. Bg5 a5 17. Bxf6 Bxf6 18. Qd3 Qb8 19. f4 g6 20. g3 Rfc8 21.
Kg2 b4 22. axb4 axb4 23. Ra6 R4c7 24. Rfa1 Rb7 25. h4 bxc3 26. bxc3 Rb2 27.
R1a2 Qb3 28. Rxb2 Qxb2 29. Kf3 Qb7 30. Ra4 Qb2 31. Ra6 Bd8 32. Ra7 Rb8 33. h5
Bb6 34. Rd7 Qa1 35. Kg2 Qa4 36. Rd6 Qa3 37. Rd7 Qa4 38. Rd6 Kf8 39. f5 gxf5 40.
Nf4 Qa2+ 41. Kh3 Qa1 42. Kg2 Bc7 43. Rxe6 Bxf4 44. Ra6 Qe1 45. Ra2 Rb1 46. Kh3
Bd6 47. Ra8+ Ke7 48. Kh4 h6 0-1

[Event "2. Bundesliga Mitte 2004/2005"]
[Site "St. Valentin"]
[Date "2005.03.05"]
[Round "8.1"]
[White "RAGGER, Markus"]
[Black "SUPANCIC, Darko"]
[Result "1-0"]
[WhiteElo "2431"]
[BlackElo "2372"]
[PlyCount "85"]
[EventDate "2004.10.16"]

1. e4 g6 2. d4 Bg7 3. Nc3 c5 4. dxc5 Qa5 5. Bd2 Qxc5 6. Nd5 Na6 7. Nf3 e6 8.
Bc3 Bxc3+ 9. Nxc3 Nc7 10. Qd2 b5 11. e5 Bb7 12. O-O-O Bxf3 13. gxf3 Qxe5 14. f4
Qc5 15. Qxd7+ Kf8 16. Ne4 Qe7 17. Qc6 Rd8 18. Rxd8+ Qxd8 19. Bxb5 Nd5 20. Rd1
Qb8 21. Nd6 Nge7 22. Qd7 Nf6 23. Qb7 Qxb7 24. Nxb7 Kg7 25. c4 Rc8 26. Nd6 Rc7
27. Kd2 a6 28. Ba4 Nf5 29. Nxf5+ gxf5 30. Rc1 Ne4+ 31. Ke3 Nc5 32. Bd1 a5 33.
b3 f6 34. a3 e5 35. b4 exf4+ 36. Kd4 axb4 37. axb4 Ne4 38. c5 Rd7+ 39. Kc4 Nxf2
40. Bf3 Ne4 41. c6 Rd8 42. b5 Nd2+ 43. Kb4 1-0

[Event "2. Bundesliga Mitte 2004/2005"]
[Site "St. Valentin"]
[Date "2005.03.05"]
[Round "8.1"]
[White "KREBS, Johann"]
[Black "TRATAR, Marko"]
[Result "0-1"]
[WhiteElo "2223"]
[BlackElo "2449"]
[PlyCount "90"]
[EventDate "2004.10.16"]

1. d4 Nf6 2. Nf3 d6 3. c4 Nbd7 4. Nc3 e5 5. e4 g6 6. g3 Bg7 7. Bg2 O-O 8. O-O
a6 9. Re1 c6 10. h3 Ne8 11. Be3 Qe7 12. Qc2 f5 13. exf5 gxf5 14. Rad1 e4 15.
Nh2 Qf7 16. b3 Ndf6 17. f4 h5 18. Qe2 Qg6 19. Nf1 h4 20. Qf2 hxg3 21. Nxg3 Be6
22. Bc1 Bf7 23. Ba3 Kh8 24. Rd2 Rg8 25. Nd1 Bf8 26. Kh2 Nh5 27. Nxh5 Qxh5 28.
Re3 Nf6 29. Kg1 Be7 30. Rg3 Rxg3 31. Qxg3 Rg8 32. Qf2 Qxh3 33. Ne3 Qh5 34. d5
c5 35. b4 cxb4 36. Bxb4 Nd7 37. Bc3+ Kh7 38. Bd4 Bd8 39. Rb2 b6 40. a4 Nc5 41.
Bxc5 bxc5 42. Rb7 Bf6 43. Kf1 Rg7 44. Qe2 Qxe2+ 45. Kxe2 Bh5+ 0-1

[Event "2. Bundesliga Mitte 2004/2005"]
[Site "St. Valentin"]
[Date "2005.03.05"]
[Round "8.1"]
[White "RESCHUN, Sascha"]
[Black "JAHRER, Michael"]
[Result "1/2-1/2"]
[WhiteElo "2256"]
[BlackElo "2187"]
[PlyCount "34"]
[EventDate "2004.10.16"]

1. e4 c5 2. Nf3 d6 3. d4 cxd4 4. Nxd4 Nf6 5. Nc3 a6 6. f4 e5 7. Nf3 Qc7 8. Bd3
Be7 9. fxe5 dxe5 10. O-O O-O 11. Qe1 b5 12. Bg5 Nbd7 13. Kh1 b4 14. Nd5 Nxd5
15. exd5 Bd6 16. Nh4 Nc5 17. Bf5 Bb7 1/2-1/2

[Event "2. Bundesliga Mitte 2004/2005"]
[Site "St. Valentin"]
[Date "2005.03.05"]
[Round "8.1"]
[White "DEUTSCH, Ludwig"]
[Black "KASPRET, Guido"]
[Result "0-1"]
[WhiteElo "2155"]
[BlackElo "2312"]
[PlyCount "86"]
[EventDate "2004.10.16"]

1. d4 c5 2. d5 Nf6 3. c4 e5 4. Nc3 d6 5. e4 Be7 6. Bd3 O-O 7. Nge2 Nh5 8. O-O
Bg5 9. Bd2 Nd7 10. Qc1 h6 11. Qc2 Qf6 12. a3 Qg6 13. Kh1 Qf6 14. Kg1 g6 15. f3
Nf4 16. g3 Nxe2+ 17. Bxe2 Qe7 18. Bd3 Kg7 19. b4 b6 20. Ne2 Bxd2 21. Qxd2 f5
22. Rae1 fxe4 23. fxe4 Nf6 24. Nc3 Bh3 25. Rf2 Ng4 26. Rxf8 Rxf8 27. Nd1 Qf6
28. Ne3 Qg5 29. Qc1 Nxh2 30. Nf5+ Bxf5 31. Qxg5 Nf3+ 32. Kf2 Nxg5 33. exf5 gxf5
34. bxc5 bxc5 35. Rb1 e4 36. Be2 Kf6 37. Ke3 Rg8 38. g4 Ke5 39. gxf5 Nh3 40.
Rb7 Rg3+ 41. Kd2 Kxf5 42. Rxa7 Nf4 43. Ke1 Re3 0-1

[Event "2. Bundesliga Mitte 2004/2005"]
[Site "St. Valentin"]
[Date "2005.03.05"]
[Round "8.2"]
[White "KOZUL, Zdenko"]
[Black "SHENGELIA, David"]
[Result "1/2-1/2"]
[WhiteElo "2630"]
[BlackElo "2502"]
[PlyCount "123"]
[EventDate "2004.10.16"]

1. d4 Nf6 2. Nf3 e6 3. c4 b6 4. a3 Ba6 5. e3 d5 6. Nbd2 Be7 7. Qc2 c5 8. dxc5
bxc5 9. b4 dxc4 10. Bxc4 Bxc4 11. Qxc4 cxb4 12. axb4 O-O 13. O-O Qb6 14. b5
Nbd7 15. Bb2 Rfc8 16. Qe2 a6 17. Rxa6 Rxa6 18. Bd4 Nc5 19. Bxc5 Rxc5 20. bxa6
Ra5 21. Rb1 Qxa6 22. Qxa6 Rxa6 23. g3 Ra7 24. Rb8+ Bf8 25. e4 Nd7 26. Rc8 f6
27. e5 Kf7 28. Ne4 Be7 29. exf6 gxf6 30. Kg2 h6 31. h3 f5 32. Ned2 h5 33. Nc4
Bf6 34. h4 Ke7 35. Rc6 Nb8 36. Rc8 Nd7 37. Ng5 Bd4 38. Rc6 Nf8 39. Nf3 Bf6 40.
Nce5 Bxe5 41. Nxe5 Kf6 42. Nf3 Rb7 43. Ng5 Re7 44. Ra6 Nh7 45. Nh3 Kf7 46. Kf3
e5 47. Ke2 Re6 48. Ra5 Kf6 49. Ra8 Rb6 50. Re8 Ra6 51. Kf1 Ra1+ 52. Kg2 Ra2 53.
Rb8 Ra6 54. Rb7 Kg6 55. Re7 Ra5 56. Re6+ Kf7 57. Rb6 Kg7 58. Ng5 Nxg5 59. hxg5
e4 60. Rf6 Ra2 61. Rxf5 e3 62. Kf1 1/2-1/2

[Event "2. Bundesliga Mitte 2004/2005"]
[Site "St. Valentin"]
[Date "2005.03.05"]
[Round "8.2"]
[White "MARKUS, Robert"]
[Black "STEVIC, Hrvoje"]
[Result "1/2-1/2"]
[WhiteElo "2550"]
[BlackElo "2541"]
[PlyCount "42"]
[EventDate "2004.10.16"]

1. d4 d5 2. c4 dxc4 3. Nf3 Nf6 4. Qa4+ c6 5. Qxc4 Bf5 6. g3 Nbd7 7. Nc3 e6 8.
Bg2 Be7 9. O-O O-O 10. e3 Ne4 11. Ne1 Nxc3 12. bxc3 e5 13. Qb3 Qb6 14. Ba3 Bxa3
15. Qxa3 c5 16. Nf3 Rfe8 17. Rfd1 Be4 18. Qa4 Bc6 19. Qc2 exd4 20. cxd4 cxd4
21. Nxd4 Bxg2 1/2-1/2

[Event "2. Bundesliga Mitte 2004/2005"]
[Site "St. Valentin"]
[Date "2005.03.05"]
[Round "8.2"]
[White "ARWANITAKIS, Michael"]
[Black "ZECHNER, Gernot"]
[Result "1-0"]
[WhiteElo "2242"]
[BlackElo "2211"]
[PlyCount "56"]
[EventDate "2004.10.16"]

1. g3 d5 2. Nf3 Nf6 3. Bg2 Bg4 4. O-O Nbd7 5. h3 Bh5 6. c4 c6 7. cxd5 cxd5 8.
Nc3 e6 9. d3 Bc5 10. e4 dxe4 11. dxe4 O-O 12. Qe2 e5 13. Rd1 Qe7 14. Bg5 Bxf3
15. Bxf3 Qe6 16. Kh2 h6 17. Bxf6 Nxf6 18. Rac1 Rac8 19. Bg4 Nxg4+ 20. hxg4 Be7
21. Nd5 Bg5 22. Rc3 Rxc3 23. Nxc3 Rc8 24. Rd5 a6 25. Qd1 Rc4 26. Rd6 Qe7 27.
Rd7 Rd4 28. Rxd4 exd4 {Rest leider unsleserlich!} 1-0

[Event "2. Bundesliga Mitte 2004/2005"]
[Site "St. Valentin"]
[Date "2005.03.05"]
[Round "8.2"]
[White "WALDMANN, Gerald"]
[Black "HATZL, Stefan"]
[Result "1-0"]
[WhiteElo "2161"]
[BlackElo "2213"]
[PlyCount "51"]
[EventDate "2004.10.16"]

1. e4 c5 2. Nf3 d6 3. d4 cxd4 4. Nxd4 Nf6 5. Nc3 a6 6. f3 e5 7. Nb3 Be6 8. Be3
Be7 9. Qd2 O-O 10. O-O-O Qc7 11. g4 Rc8 12. g5 Nh5 13. Nd5 Bxd5 14. exd5 a5 15.
Bh3 a4 16. Nc5 Rd8 17. Ne4 g6 18. Bg4 Ng7 19. h4 Nd7 20. h5 Nf5 21. hxg6 fxg6
22. Bxf5 gxf5 23. Rxh7 fxe4 24. Rxe7 Kf8 25. Rh7 Qc4 26. Qh2 1-0

[Event "2. Bundesliga Mitte 2004/2005"]
[Site "St. Valentin"]
[Date "2005.03.05"]
[Round "8.2"]
[White "WAGNER, Stephan"]
[Black "STERNAT, Roland"]
[Result "1/2-1/2"]
[WhiteElo "2174"]
[BlackElo "2101"]
[PlyCount "34"]
[EventDate "2004.10.16"]

1. d4 Nf6 2. Nf3 d6 3. Bf4 g6 4. c3 Bg7 5. h3 O-O 6. Nbd2 Nc6 7. e4 Nd7 8. Bd3
e5 9. Bg5 Bf6 10. Be3 Nb6 11. dxe5 Nxe5 12. Nxe5 Bxe5 13. Nf3 Bg7 14. Qc2 Nd7
15. O-O-O Qe7 16. h4 h5 17. Kb1 Nf6 1/2-1/2

[Event "2. Bundesliga Mitte 2004/2005"]
[Site "St. Valentin"]
[Date "2005.03.05"]
[Round "8.3"]
[White "SCHOEPF, Andreas"]
[Black "DERVISHI, Erald"]
[Result "0-1"]
[WhiteElo "2161"]
[BlackElo "2486"]
[PlyCount "84"]
[EventDate "2004.10.16"]

1. e4 e5 2. Nf3 Nc6 3. Bc4 Nf6 4. d3 Be7 5. Nc3 O-O 6. a3 d6 7. h3 Be6 8. Ng5
Bd7 9. Be3 a6 10. O-O h6 11. Nf3 Re8 12. Kh2 Bf8 13. Ng1 Be6 14. Bxe6 Rxe6 15.
Nd5 Nb8 16. c4 Nbd7 17. g3 c6 18. Nc3 Re8 19. Qf3 g6 20. Rad1 Bg7 21. Qg2 Qe7
22. f4 exf4 23. gxf4 Kh7 24. Nge2 Nh5 25. d4 f5 26. e5 dxe5 27. dxe5 Nxe5 28.
fxe5 Bxe5+ 29. Bf4 Nxf4 30. Nxf4 g5 31. Qc2 Qf7 32. Nce2 gxf4 33. Nxf4 Re7 34.
Kh1 Rf8 35. Qg2 Rg8 36. Qf3 Rg5 37. h4 Rg4 38. Ng2 Qg6 39. Rd2 Rf7 40. Re2 Bc7
41. c5 Rg3 42. Qf2 Rh3+ 0-1

[Event "2. Bundesliga Mitte 2004/2005"]
[Site "St. Valentin"]
[Date "2005.03.05"]
[Round "8.3"]
[White "MANCA, Federico"]
[Black "HOLZWEBER, Martin"]
[Result "1-0"]
[WhiteElo "2366"]
[BlackElo "2177"]
[PlyCount "45"]
[EventDate "2004.10.16"]

1. e4 c5 2. c3 Nf6 3. e5 Nd5 4. d4 e6 5. Nf3 d6 6. Bc4 dxe5 7. dxe5 Nb6 8.
Qxd8+ Kxd8 9. Be2 Be7 10. Ng5 Bxg5 11. Bxg5+ Kc7 12. Na3 N6d7 13. Nb5+ Kc6 14.
O-O a6 15. a4 Kb6 16. Nd6 Nxe5 17. f4 Ng6 18. Nxf7 Rf8 19. Ne5 Nxe5 20. fxe5
Rf5 21. Bd8+ Ka7 22. Rxf5 exf5 23. a5 1-0

[Event "2. Bundesliga Mitte 2004/2005"]
[Site "St. Valentin"]
[Date "2005.03.05"]
[Round "8.3"]
[White "KIRSCHNER, Alexander"]
[Black "BENDA, Herbert"]
[Result "1/2-1/2"]
[WhiteElo "2216"]
[BlackElo "2336"]
[PlyCount "36"]
[EventDate "2004.10.16"]

1. c4 e5 2. Nc3 Nf6 3. Nf3 Nc6 4. e3 Be7 5. d4 exd4 6. Nxd4 O-O 7. Be2 Bb4 8.
O-O Nxd4 9. Qxd4 d6 10. b3 Re8 11. Bb2 Bc5 12. Qh4 Bd7 13. Qg3 Re6 14. Bf3 Bc6
15. Nd5 Ne8 16. h4 Rh6 17. h5 Bxd5 18. cxd5 f5 1/2-1/2

[Event "2. Bundesliga Mitte 2004/2005"]
[Site "St. Valentin"]
[Date "2005.03.05"]
[Round "8.3"]
[White "SANDNER, Wolfgang"]
[Black "NIEDERWIESER, Peter"]
[Result "1/2-1/2"]
[WhiteElo "2237"]
[BlackElo "2186"]
[PlyCount "36"]
[EventDate "2004.10.16"]

1. e4 c5 2. Nf3 e6 3. d3 d5 4. Nbd2 Nc6 5. g3 g6 6. Bg2 Bg7 7. O-O Nge7 8. Re1
Qc7 9. Qe2 h6 10. h4 b6 11. Nf1 a5 12. Ne3 dxe4 13. dxe4 Ba6 14. Nc4 Nd4 15.
Qd3 Nec6 16. e5 O-O 17. Nxd4 cxd4 18. Qe4 Bxc4 1/2-1/2

[Event "2. Bundesliga Mitte 2004/2005"]
[Site "St. Valentin"]
[Date "2005.03.05"]
[Round "8.3"]
[White "ROCKENSCHAUB, Manfred"]
[Black "SCHEIN, Karl-Heinz"]
[Result "1/2-1/2"]
[WhiteElo "2212"]
[BlackElo "2253"]
[PlyCount "109"]
[EventDate "2004.10.16"]

1. d4 Nf6 2. c4 g6 3. Nc3 Bg7 4. e4 d6 5. f3 O-O 6. Be3 c6 7. Bd3 e5 8. dxe5
dxe5 9. Nge2 Be6 10. O-O Nbd7 11. Ng3 Nb6 12. Qe2 h5 13. Rfd1 h4 14. Nh1 Nh5
15. g3 Qe7 16. Rac1 Nd7 17. Bb1 Rfd8 18. b3 b6 19. Qg2 Nf8 20. Rxd8 Rxd8 21.
Rd1 Kh7 22. Rxd8 Qxd8 23. Qd2 Qxd2 24. Bxd2 hxg3 25. hxg3 Bd7 26. Kg2 Ne6 27.
Nf2 Nd4 28. Be3 Bh6 29. Bxh6 Kxh6 30. Nd3 f6 31. Kf2 g5 32. Ne1 g4 33. fxg4
Bxg4 34. Nc2 Nxc2 35. Bxc2 Kg5 36. Bd3 Ng7 37. Bf1 Ne6 38. Bd3 Nc5 39. Bf1 Ne6
40. Bd3 Bh5 41. Bf1 Bg6 42. Bh3 Nd4 43. Bd7 Bh5 44. Bh3 Bf7 45. Bd7 Kh6 46. Ne2
Nxe2 47. Kxe2 c5 48. Kd2 Kg5 49. Kc3 Bg6 50. Kd3 Bh5 51. Bh3 Bg4 52. Bg2 Be6
53. Bf3 a5 54. a4 Bh3 55. Ke3 1/2-1/2

[Event "2. Bundesliga Mitte 2004/2005"]
[Site "St. Valentin"]
[Date "2005.03.05"]
[Round "8.4"]
[White "GLEK, Igor"]
[Black "ZAJA, Ivan"]
[Result "1/2-1/2"]
[WhiteElo "2578"]
[BlackElo "2452"]
[PlyCount "104"]
[EventDate "2004.10.16"]

1. e4 e5 2. Nf3 Nc6 3. Nc3 Nf6 4. a3 d5 5. Bb5 d4 6. Ne2 Nxe4 7. d3 Nf6 8. Nxe5
Qd5 9. Bxc6+ bxc6 10. Nf3 c5 11. O-O Bd6 12. c4 Qb7 13. b4 Bg4 14. bxc5 Bxf3
15. gxf3 Bxc5 16. Qa4+ c6 17. Rb1 Qc8 18. Bg5 Nd7 19. Ng3 O-O 20. Bf4 Re8 21.
Rfe1 Nf8 22. Qa5 Rxe1+ 23. Rxe1 Ne6 24. Bd2 Qf8 25. f4 g6 26. f5 gxf5 27. Nxf5
Qd8 28. Qxd8+ Rxd8 29. Rb1 Bxa3 30. Rb7 Bf8 31. Rxa7 Nc5 32. Bg5 Re8 33. Nxd4
Nxd3 34. Nxc6 Bc5 35. Rd7 Nxf2 36. Kf1 Ng4 37. h3 Rc8 38. Ne7+ Bxe7 39. Rxe7 f6
40. Bh4 Nh6 41. Re4 Nf5 42. Bf2 Kf7 43. Rf4 Ke6 44. c5 Ra8 45. Re4+ Kd5 46. Re2
Ra3 47. Kg2 Rd3 48. Re8 Nd4 49. Rh8 Kxc5 50. Rxh7 Kd6 51. Rh8 Ke7 52. Rh4 Ne6
1/2-1/2

[Event "2. Bundesliga Mitte 2004/2005"]
[Site "St. Valentin"]
[Date "2005.03.05"]
[Round "8.4"]
[White "BUKAL, Vladimir Jun"]
[Black "UHLMANN, Wolfgang"]
[Result "1/2-1/2"]
[WhiteElo "2390"]
[BlackElo "2413"]
[PlyCount "85"]
[EventDate "2004.10.16"]

1. d4 Nf6 2. c4 g6 3. g3 c5 4. d5 Bg7 5. Bg2 O-O 6. Nc3 e6 7. Nf3 exd5 8. cxd5
d6 9. O-O Re8 10. Nd2 Na6 11. Nc4 Nc7 12. Bf4 Bf8 13. a4 b6 14. Qc1 Ba6 15. b3
Nh5 16. Bh6 Bxh6 17. Qxh6 f5 18. Rac1 b5 19. axb5 Nxb5 20. Nxb5 Bxb5 21. Bf3
Nf6 22. h4 Qe7 23. h5 Bxc4 24. Rxc4 Qg7 25. Qf4 Re5 26. Rxc5 Nxh5 27. Qc4 Nf6
28. Rc8+ Rxc8 29. Qxc8+ Qf8 30. Qa6 Qb8 31. Rc1 Re8 32. Rc6 Rd8 33. Qa3 Kg7 34.
Qa5 Rd7 35. Qc3 Kf7 36. Rc8 Qb6 37. Rc6 Qb8 38. b4 Qe8 39. Qc1 Kg7 40. Rc8 Rd8
41. Qc7+ Rd7 42. Qc6 Rd8 43. Rc7+ 1/2-1/2

[Event "2. Bundesliga Mitte 2004/2005"]
[Site "St. Valentin"]
[Date "2005.03.05"]
[Round "8.4"]
[White "SEIFERT, Volker"]
[Black "STUHLIK, Marko"]
[Result "0-1"]
[WhiteElo "2323"]
[BlackElo "2246"]
[PlyCount "92"]
[EventDate "2004.10.16"]

1. d4 Nf6 2. c4 c5 3. d5 e6 4. Nc3 exd5 5. cxd5 Bd6 6. Nf3 O-O 7. g3 Bc7 8. Bg2
d6 9. O-O a6 10. a4 Nbd7 11. h3 Re8 12. Qd3 Rb8 13. g4 Nf8 14. Bf4 Qe7 15. e3
Ng6 16. Bg3 Bd7 17. Rfb1 b5 18. axb5 axb5 19. b4 c4 20. Qd2 Rec8 21. Rb2 Ne5
22. Ne1 Bb6 23. Rba2 h5 24. g5 Ne8 25. Ne4 c3 26. Qd1 g6 27. Rc1 Rc4 28. Nc2
Kh8 29. f4 Bxh3 30. Bxh3 Rxe4 31. fxe5 Qxg5 32. Kh2 Bxe3 33. Nxe3 Rxe3 34. Rg2
h4 35. Be1 Qf4+ 36. Kg1 Rxh3 37. exd6 Nxd6 38. Bxc3+ Kh7 39. Bd4 Nf5 40. Bf2
Ne3 41. Bxe3 Qxe3+ 42. Rf2 Rd8 43. Rcc2 Qg5+ 44. Rg2 Qxd5 45. Rcd2 Rd3 46. Rxd3
Qxd3 0-1

[Event "2. Bundesliga Mitte 2004/2005"]
[Site "St. Valentin"]
[Date "2005.03.05"]
[Round "8.4"]
[White "ASCHENBRENNER, Robert"]
[Black "BAUMGARTNER, Heinz"]
[Result "1-0"]
[WhiteElo "2240"]
[BlackElo "2337"]
[PlyCount "43"]
[EventDate "2004.10.16"]

1. e4 e5 2. Nf3 Nc6 3. Bb5 f5 4. Nc3 fxe4 5. Nxe4 Nf6 6. Qe2 d5 7. Nxf6+ gxf6
8. d4 Bg7 9. dxe5 O-O 10. Bxc6 bxc6 11. e6 Re8 12. Be3 Bxe6 13. O-O-O Qd6 14.
Qa6 Bg4 15. h3 Bxf3 16. gxf3 Kh8 17. Rhg1 f5 18. Qd3 Rab8 19. Rxg7 Kxg7 20.
Rg1+ Kf7 21. Qxf5+ Qf6 22. Qxh7+ 1-0

[Event "2. Bundesliga Mitte 2004/2005"]
[Site "St. Valentin"]
[Date "2005.03.05"]
[Round "8.4"]
[White "ROLLETSCHEK, Heinrich"]
[Black "MITTER, Gerd"]
[Result "1/2-1/2"]
[WhiteElo "2316"]
[BlackElo "2196"]
[PlyCount "66"]
[EventDate "2004.10.16"]

1. e4 c5 2. g3 Nc6 3. Bg2 g6 4. Ne2 Bg7 5. c3 e5 6. d3 Nge7 7. Be3 b6 8. d4 d6
9. d5 Nb8 10. c4 O-O 11. Nbc3 a6 12. O-O f5 13. Qd2 Nd7 14. exf5 gxf5 15. Bh6
Ng6 16. Bxg7 Kxg7 17. f4 e4 18. Nd1 Nf6 19. Ne3 h5 20. Nc3 Ng4 21. Rfe1 Bd7 22.
Bf1 Qf6 23. Rad1 Rh8 24. Qc2 Kf7 25. Nxg4 hxg4 26. Rd2 Rh6 27. Nd1 Rb8 28. Re3
Rhh8 29. Ra3 Ra8 30. Qb1 a5 31. Qc2 Rab8 32. Re3 Ne7 33. Qc3 Ng8 1/2-1/2

[Event "2. Bundesliga Mitte 2004/2005"]
[Site "St. Valentin"]
[Date "2005.03.05"]
[Round "8.5"]
[White "HORVATH, Csaba"]
[Black "FLUMBORT, Andras"]
[Result "1-0"]
[WhiteElo "2546"]
[BlackElo "2493"]
[PlyCount "79"]
[EventDate "2004.10.16"]

1. d4 Nf6 2. c4 g6 3. Nc3 d5 4. Nf3 Bg7 5. e3 O-O 6. b4 b6 7. Ba3 c5 8. bxc5
bxc5 9. Rc1 Na6 10. Qa4 dxc4 11. Bxc4 Nb4 12. Bxb4 cxb4 13. Qxb4 Nd7 14. Nd5 e5
15. Ne7+ Kh8 16. Nc6 Qc7 17. Ncxe5 Nxe5 18. Nxe5 Be6 19. Ke2 Bxe5 20. Bxe6 Qd8
21. dxe5 fxe6 22. Qe4 Qa5 23. Rc2 Rac8 24. Rhc1 Qa6+ 25. Ke1 Qa5+ 26. Kf1 Qb5+
27. Kg1 Rxc2 28. Qxc2 Qxe5 29. Qc3 Qxc3 30. Rxc3 Rf7 31. Rc6 Re7 32. g4 g5 33.
Kg2 Kg7 34. Kg3 h6 35. h4 Kf7 36. a4 Rb7 37. a5 gxh4+ 38. Kxh4 Kf6 39. Ra6 Ke5
40. Kh5 1-0

[Event "2. Bundesliga Mitte 2004/2005"]
[Site "St. Valentin"]
[Date "2005.03.05"]
[Round "8.5"]
[White "HEIMBERGER, Reinhard"]
[Black "GENSER, Harald"]
[Result "0-1"]
[WhiteElo "2315"]
[BlackElo "2285"]
[PlyCount "124"]
[EventDate "2004.10.16"]

1. d4 Nf6 2. g3 d5 3. Bg2 c6 4. Nf3 Bf5 5. O-O h6 6. b3 e6 7. Bb2 Be7 8. c4 O-O
9. Nc3 Nbd7 10. Ne5 Nxe5 11. dxe5 Nd7 12. e4 dxe4 13. Nxe4 Nc5 14. Nd6 Bxd6 15.
Qxd6 Qa5 16. Bd4 Nd3 17. Qe7 Rad8 18. Be3 Nxe5 19. Qc5 Qxc5 20. Bxc5 Rfe8 21.
Bxa7 Rd2 22. Be3 Rc2 23. Rfc1 Ng4 24. Bb6 Ra8 25. a4 Rb2 26. Ra3 Bc2 27. Bf3
Ne5 28. Bd1 Bxd1 29. Rxd1 Nf3+ 30. Kg2 Nd2 31. Be3 Rxb3 32. Rxb3 Nxb3 33. Rb1
Na5 34. c5 Rd8 35. Kf3 Rd3 36. Ke2 Rd5 37. Rb4 e5 38. g4 f6 39. Kf3 Kf7 40. Ke4
Ke6 41. Rb1 g6 42. Bxh6 Rxc5 43. Bd2 Rc4+ 44. Ke3 Rxa4 45. Bxa5 Rxa5 46. Rxb7
Ra3+ 47. Ke2 Ra4 48. Rc7 Kd6 49. Rf7 Rf4 50. f3 g5 51. Ke3 Kd5 52. Rd7+ Kc4 53.
Rd1 c5 54. Rc1+ Kd5 55. Ra1 c4 56. Ra5+ Kc6 57. Ra3 Kb5 58. Kd2 Kb4 59. Re3
Rd4+ 60. Kc2 Rd5 61. h3 Ra5 62. Kb2 c3+ 0-1

[Event "2. Bundesliga Mitte 2004/2005"]
[Site "St. Valentin"]
[Date "2005.03.05"]
[Round "8.5"]
[White "PETSCHAR, Kurt"]
[Black "SANDHOEFNER, Florian"]
[Result "0-1"]
[WhiteElo "2289"]
[BlackElo "2240"]
[PlyCount "136"]
[EventDate "2004.10.16"]

1. e4 c5 2. Nf3 d6 3. d4 Nf6 4. Nc3 cxd4 5. Nxd4 g6 6. Bc4 Bg7 7. h3 O-O 8. O-O
Nc6 9. Be3 Bd7 10. Bb3 Rc8 11. f4 a6 12. Qd3 Qc7 13. Rae1 Rfd8 14. Nxc6 Bxc6
15. f5 gxf5 16. Rxf5 e6 17. Rg5 Ne8 18. Bd4 Qe7 19. Qg3 f6 20. Rg4 Nc7 21. Ne2
Kh8 22. Bb6 e5 23. Nc3 Rd7 24. Rf1 Ne6 25. Kh2 Nd4 26. Bxd4 exd4 27. Nd5 Bxd5
28. exd5 f5 29. Rxg7 Qxg7 30. Qxg7+ Kxg7 31. Rxf5 Rf8 32. Rg5+ Kh6 33. Rg4 Rf2
34. Rxd4 Rg7 35. Rh4+ Kg5 36. Rg4+ Kf6 37. Kg3 Rf1 38. Rxg7 Kxg7 39. Bc4 Rb1
40. b3 Rb2 41. Bd3 Rxa2 42. Kf4 Ra1 43. Ke3 h6 44. Kf4 Kf6 45. h4 Rh1 46. g3
Rh2 47. Kg4 a5 48. Kf4 b6 49. Ke4 b5 50. Bxb5 Rxc2 51. Ba4 Rc3 52. g4 Rh3 53.
h5 Rg3 54. Kf4 Rc3 55. Ke4 Kg5 56. Kd4 Rc7 57. Bc6 Kxg4 58. Kc4 Kxh5 59. Kb5
Kg5 60. Kxa5 h5 61. Kb6 Re7 62. Bb5 h4 63. Bf1 Re1 64. Bh3 Re3 65. Be6 Rxb3+
66. Kc6 h3 67. Bxh3 Rxh3 68. Kxd6 Kf6 0-1

[Event "2. Bundesliga Mitte 2004/2005"]
[Site "St. Valentin"]
[Date "2005.03.05"]
[Round "8.5"]
[White "TOBER, Gerhard"]
[Black "TITZ, Heimo"]
[Result "1-0"]
[WhiteElo "2298"]
[BlackElo "2217"]
[PlyCount "53"]
[EventDate "2004.10.16"]

1. e4 c5 2. c3 d5 3. exd5 Qxd5 4. d4 e6 5. Nf3 Nf6 6. Bd3 Be7 7. O-O O-O 8. c4
Qd8 9. dxc5 Bxc5 10. Nc3 Nc6 11. Ne4 Be7 12. Bf4 h6 13. Qe2 Nh5 14. Be3 Qc7 15.
Rfd1 Nf4 16. Bxf4 Qxf4 17. Nc3 Bf6 18. Ne4 Bd4 19. g3 Qc7 20. Nxd4 Nxd4 21.
Nf6+ Kh8 22. Qe4 Nf5 23. Nh5 g6 24. Nf4 Bd7 25. Qe2 Nd4 26. Qe3 Nf5 27. Bxf5
1-0

[Event "2. Bundesliga Mitte 2004/2005"]
[Site "St. Valentin"]
[Date "2005.03.05"]
[Round "8.5"]
[White "NICKL, Klaus"]
[Black "KRANZL, Peter"]
[Result "1/2-1/2"]
[WhiteElo "2171"]
[BlackElo "2265"]
[PlyCount "76"]
[EventDate "2004.10.16"]

1. d4 Nf6 2. Bg5 d6 3. Bxf6 exf6 4. e3 g6 5. g3 Bg7 6. Bg2 O-O 7. Ne2 f5 8. c4
c6 9. Nbc3 Nd7 10. O-O Re8 11. Qc2 Qe7 12. Rad1 h5 13. b4 Nf6 14. d5 Bd7 15.
Qd2 Rac8 16. Nf4 c5 17. b5 Ng4 18. Rc1 h4 19. Nd3 hxg3 20. hxg3 Bh6 21. Nd1 Qg5
22. Nf4 Qf6 23. Qc3 Qe7 24. Qd2 Bg7 25. Nc3 Qg5 26. Rfe1 Qh6 27. Nh3 Ne5 28.
Qe2 Re7 29. Nb1 Rce8 30. Nd2 Ng4 31. Nf1 g5 32. Qd2 Nf6 33. f3 Bc8 34. Nf2 Nd7
35. f4 g4 36. Qa5 a6 37. bxa6 bxa6 38. Rb1 Qf6 1/2-1/2

[Event "2. Bundesliga Mitte 2004/2005"]
[Site "St. Valentin"]
[Date "2005.03.05"]
[Round "8.5"]
[White "STADLER, Peter"]
[Black "SCHRIEBL, Alexander"]
[Result "0-1"]
[WhiteElo "2183"]
[BlackElo "2088"]
[PlyCount "100"]
[EventDate "2004.10.16"]

1. d4 d5 2. Nf3 Bg4 3. g3 Nf6 4. Ne5 Bf5 5. c4 dxc4 6. Nc3 e6 7. Bg2 c6 8. O-O
Nbd7 9. Nxc4 Be7 10. h3 Nb6 11. Na5 Qc8 12. e4 Bg6 13. Bf4 Bb4 14. Nb3 Bxc3 15.
bxc3 Nxe4 16. Qf3 O-O 17. Rfe1 Nf6 18. g4 Nfd5 19. Bg3 Nc4 20. Rac1 a5 21. Qe2
b5 22. h4 h6 23. Nc5 a4 24. Be4 Bxe4 25. Qxe4 Re8 26. g5 hxg5 27. hxg5 Qd8 28.
Qg4 g6 29. Rc2 Ra7 30. Qh4 Ne7 31. Be5 Nxe5 32. Rxe5 Nf5 33. Qg4 b4 34. Ne4 Kg7
35. Nf6 Rh8 36. d5 b3 37. Rce2 bxa2 38. Rxa2 Qb6 39. Rae2 cxd5 40. Kg2 a3 41.
Rxf5 exf5 42. Qf4 Qb8 43. Ne8+ Rxe8 44. Qd4+ Kg8 45. Rxe8+ Qxe8 46. Qxa7 Qe4+
47. Kg1 Qe1+ 48. Kg2 Qxc3 49. Qa8+ Kg7 50. Qxd5 Qb2 0-1